000 01412nam a2200397Ii 4500
001 DIGVISION0413
003 NyNyDIG
006 m o d
007 cr |||||||||||
008 240803s2012 sp o 000 0 spa d
035 _a(OCoLC)1450885542
040 _aDGITA
_beng
_erda
_epn
_cDGITA
020 _a9788490116579
_qeBook
020 _z9788490116562
050 1 4 _aBP42 ebook
100 1 _aHariche, Samir,
_eauthor.
245 1 3 _aEl perennialismo a la luz del Islam /
_cSamir Hariche.
264 1 _aMadrid, España :
_bVision Libros,
_c[2012]
300 _a1 online resource.
336 _atext
_btxt
_2rdacontent
337 _acomputer
_bc
_2rdamedia
338 _aonline resource
_bcr
_2rdacarrier
347 _atext file
_2rdaft
347 _bPDF
588 0 _aOnline resource; title from PDF title page (Digitalia, viewed August 3, 2024)
650 0 _aIslam
_xPhilosophy.
650 0 _aIslam
_xStudy and teaching.
650 0 _aReligion
_xPhilosophy.
650 0 _aEducation
_zIslamic countries.
791 2 _aDigitalia (Firm),
_edistributor.
793 0 _gDigitalia eBook Collection:
_aVision Libros
776 0 8 _iPrint version:
_aHariche, Samir.
_tPerennialismo a la luz del Islam.
_dMadrid, España : Vision Libros, [2012]
_z9788490116562
856 4 0 _3Digitalia Hispánica
_uhttps://www.digitaliapublishing.com/a/89053/
910 _aPremium collection: 2024
942 _cRAA
999 _c267424
_d267424